000 00775nam a2200217Ia 4500
003 GCL
008 140319s9999 xx 000 0 ara d
040 _aGCL /
_cGCL
082 0 4 _a305.456903
_bب م
100 1 _aباسمة محمد حامد
245 1 0 _aالمرأة فى اسرائيل بين السياسة والدين /
_cباسمة محمد حامد
700 1 _aظافر بن خضراء
250 _aالاولى
260 _aسوريا :
_bدار كنعان للدراسات والنشر ،
_c2005
300 _a190 ص ؛
_c21 سم
650 0 4 _aالمرأة فى الحياة العامة
650 0 4 _aالمرأة فى السياسة
650 0 4 _aالمخابرات - اسرائيل
650 0 4 _aالمرأة فى اسرائيل
942 _2ddc
_cBK
999 _c8133
_d8133